| 000 | 00873cam a2200229 4500 | ||
|---|---|---|---|
| 001 | WB3638-18 | ||
| 008 | 000000n2000 000 0 eng u | ||
| 035 | _a(Sirsi) u108495 | ||
| 245 | _aRevolution around the corner | ||
| 260 | _c2000 | ||
| 490 |
_aHerald _v27 September 2000, 65(2) |
||
| 520 | _aThe internet is set to transform the house buying and selling process, according to the Robb Agency. Iain Robb, who has recently launched Robb Agency's own online service, describes how internet and e-mail services can help eliminate delays and improve communication between estate agent and buyer. | ||
| 590 | _aWB | ||
| 650 | _aESTATE AGENTS | ||
| 650 | _aPROPERTY ADVERTISING | ||
| 650 | _aPROPERTY TRANSACTIONS | ||
| 650 | _aHOUSE SALES | ||
| 650 | _aHOMEBUYERS | ||
| 650 | _aRESIDENTIAL AGENCY | ||
| 690 | _aINFORMATION TECHNOLOGY-INTERNET | ||
| 942 | _n0 | ||
| 999 |
_c64778 _d64778 |
||